00458nam a22001577a 4500003000400000082001800004100001600022245004300038260004400081300000700125650001700132653001700149942001200166952010500178999001700283SGT a617.643bE21R aRao, Ankita aEvaluation of TMJ Morphology and..... aGurugram, HaryanabSGT Universityc2021 a95 aOrthodontics aOrthodontics 2ddccTH 00102ddc405171aFDbFDd2022-12-21l0o617.643 E21RpDT1367r2022-12-21 00:00:00w2022-12-21yTH c23588d23588